| 000 | 01006cam a22003137a 4500 | ||
|---|---|---|---|
| 003 | CHAP | ||
| 005 | 20220329141727.0 | ||
| 008 | 971013s1992 ch r 10010 eng d | ||
| 010 | _a72863 | ||
| 011 | _a73835 | ||
| 035 | _a83393 | ||
| 040 | _cCHAP | ||
| 082 | 0 | 4 |
_a634.9 _bI59 |
| 111 | 0 | 0 |
_aInternational Agroforestry Symposium ( _d1992 _c: Nanjing, China) _959541 |
| 245 | 1 | 0 | _aAbstracts |
| 260 |
_aNanjing, China : _bNanjing Forestry University, _c1992 |
||
| 300 |
_a137 p. : _e+ 11 diapositivas |
||
| 500 | _aEd. bilingüe | ||
| 590 |
_aBATCH-UPD _b10 _c20130110 _lUCH01 _h0724 |
||
| 590 |
_aBATCH-UPD _b10 _c20130410 _lUCH01 _h0408 |
||
| 590 |
_aBATCH-UPD _b10 _c20130913 _lUCH01 _h2208 |
||
| 590 |
_aCONVERSION _b10 _c20130109 _lUCH01 _h1340 |
||
| 650 | 1 | 4 |
_aAgroforestería. _92156 |
| 650 | 1 | 4 |
_aSuelos forestales. _9110548 |
| 901 | _aBK | ||
| 942 | _cD | ||
| 949 |
_a634.9 I59 _bBC _cLIBRO _d33724000601936 _eLIBRO _gI. 168608 _h85023 _i83393 _si |
||
| 949 |
_aD-156 _bBC _cD _d-146956 _eV _gI. 168608 _i83393 _si |
||
| 999 |
_c72863 _d72863 |
||